000
00318nam a2200121Ia 4500
008
220217s9999||||xx |||||||||||||| ||und||
082
_a
823 JAG
100
_a
Jagadathmananda, Swami
245
0
_a
Learn to live vol-1
260
_a
Sri Ramakrishna Ashrama
_b
Mysore
_c
2002
300
_b
40
650
_a
GENERAL BOOKS
999
_c
172961
_d
172961